Kapitoly z historie českého pojišťovnictví Spolková činnost v pojišťovnictví

Ukážka vestníka Jednoty zástupcov Prvej českej vzájomnej poisťovne. Spolková činnosť v poisťovníctve. Česká jednota pre vedy poistné. Združenie peňažného úradníctva v Prahe. Spolok československých poistných technikov. Spolok asekuračných úradníkov. Československý zväz spoločností uskutočňujúcich do...

Descripción completa

Guardado en:
Detalles Bibliográficos
Autor principal: Marvan, M.
Otros Autores: Chaloupecký, J.
Formato: Capítulo de libro
Lenguaje:checo
Materias:
Etiquetas: Agregar Etiqueta
Sin Etiquetas, Sea el primero en etiquetar este registro!

MARC

LEADER 00000naa a2200000 4500
001 r023487
005 20230922092958.0
041 0 |a cze 
044 |a CZ 
245 1 0 |a Kapitoly z historie českého pojišťovnictví  |b Spolková činnost v pojišťovnictví  |c M. Marvan, J. Chaloupecký 
520 |a Ukážka vestníka Jednoty zástupcov Prvej českej vzájomnej poisťovne. Spolková činnosť v poisťovníctve. Česká jednota pre vedy poistné. Združenie peňažného úradníctva v Prahe. Spolok československých poistných technikov. Spolok asekuračných úradníkov. Československý zväz spoločností uskutočňujúcich dopravné poistenie v Prahe. 
610 2 0 |a poisťovníctvo 
610 2 0 |a história 
610 2 0 |a ČSR 
610 2 0 |a Česko 
610 2 0 |a združenia 
610 2 0 |a poisťovne 
100 1 |a Marvan, M. 
700 1 |a Chaloupecký, J.